[Event "ch-SLO w 2011"]
[Site "Ljubljana SLO"]
[Date "2011.08.09"]
[Round "4"]
[White "Vidic,Teja"]
[Black "Hrenic,M"]
[Result "0-1"]
[WhiteElo "1797"]
[BlackElo "2044"]

1.e4 e5 2.Nf3 Nc6 3.Bb5 a6 4.Ba4 Nf6 5.O-O b5 6.Bb3 Bb7 7.d3 Be7 8.Re1 O-O
9.c3 h6 10.Nbd2 Re8 11.Nf1 Bf8 12.Ng3 Na5 13.Bc2 d5 14.exd5 Qxd5 15.Be3 c5
16.d4 exd4 17.cxd4 Nc4 18.Bb3 Ng4 19.Bf4 cxd4 20.Bxc4 bxc4 21.Qxd4 Bc5 22.Rxe8+ Rxe8
23.Qxd5 Bxf2+ 24.Kf1 Bxd5 25.Nh5 Bc5 26.Re1 Ne3+ 27.Bxe3 Rxe3 28.Rxe3 Bxe3
29.Nh4 Be6 30.Nf3 Bc1 31.Nd4 Bg4 32.Ng3 Bxb2 33.Nge2 Ba3 34.Nc2 Bc5 35.Ke1 Bf5
36.Kd2 Be7 37.Ne3 Bd3 38.Nc1 Bg5 39.Nxd3 Bxe3+ 40.Kxe3 cxd3 41.Kxd3 Kf8 42.Kc4 Ke7
43.Kc5 f5 44.h4 g5 45.hxg5 hxg5 46.Kb6 f4 47.Kxa6 g4 48.Kb7 f3 49.gxf3 gxf3
50.a4 f2 51.Kb8  0-1

[Event "RTU Open A"]
[Site "Riga LAT"]
[Date "2011.08.10"]
[Round "3"]
[White "Kalnins,K"]
[Black "Hansen,TR"]
[Result "1-0"]
[WhiteElo "2254"]
[BlackElo "2468"]

1.e4 e5 2.Nf3 Nc6 3.Bb5 a6 4.Ba4 Nf6 5.O-O b5 6.Bb3 Bb7 7.Re1 Bc5 8.c3 d6
9.d4 Bb6 10.Be3 O-O 11.dxe5 dxe5 12.Bxb6 cxb6 13.Nbd2 Qc7 14.Nf1 Rad8 15.Qc1 Ne7
16.Ng3 Ng6 17.Qg5 Kh8 18.Rad1 h6 19.Qc1 Nf4 20.Bc2 Rxd1 21.Rxd1 Nxe4 22.Qe3 Ng5
23.Nxg5 hxg5 24.Ne2 Kg8 25.Nxf4 gxf4 26.Qh3 e4 27.Qf5 g6 28.Qf6 e3 29.fxe3 fxe3
30.Bb3 Be4 31.Rd4 Qb7 32.Qe5 Bf3 33.gxf3 Qxf3 34.Rf4 Qe2 35.Bxf7+  1-0

[Event "FSFMB August"]
[Site "Budapest HUN"]
[Date "2011.08.11"]
[Round "6"]
[White "Pogats,J"]
[Black "Balla,A"]
[Result "1/2-1/2"]
[WhiteElo "1879"]
[BlackElo "1722"]

1.e4 e5 2.Nf3 Nc6 3.Bb5 a6 4.Ba4 Nf6 5.O-O b5 6.Bb3 Bb7 7.d3 Bc5 8.c3 d6
9.h3 O-O 10.Nbd2 Bb6 11.Re1 Ne7 12.Nf1 Ng6 13.Ng3  1/2-1/2

[Event "XX TCh-MKD"]
[Site "Struga MKD"]
[Date "2011.08.13"]
[Round "6"]
[White "Ermenkov,Evgenij"]
[Black "Georgiev,Vl"]
[Result "0-1"]
[WhiteElo "2442"]
[BlackElo "2559"]

1.e4 e5 2.Nf3 Nc6 3.Bb5 a6 4.Ba4 Nf6 5.O-O b5 6.Bb3 Bb7 7.d3 Be7 8.Nc3 O-O
9.Re1 h6 10.Nd5 Na5 11.Nxe7+ Qxe7 12.Bd2 Nxb3 13.axb3 d6 14.c4 Nd7 15.d4 f5
16.d5 fxe4 17.Rxe4 Nf6 18.Re2 Qf7 19.Be3 Bc8 20.h3 Rb8 21.Nh2 Qg6 22.Kh1 Nh5
23.Rc1 Bf5 24.Rd2 bxc4 25.bxc4 Be4 26.Qg4 Nf4 27.f3 Bf5 28.Qxg6 Bxg6 29.Rc3 Rb4
30.Ng4 Rfb8 31.c5 Rxb2 32.cxd6 cxd6 33.Rc6 Rxd2 34.Bxd2 Nxg2 35.Rxd6 Nh4
36.Nxe5 Rb1+ 37.Kh2 Rb2 38.Nxg6 Rxd2+ 39.Kg1 Rg2+  0-1

[Event "Trade Fair Open A"]
[Site "Brno CZE"]
[Date "2011.08.23"]
[Round "4"]
[White "Rehurek,L"]
[Black "Kopecek,Ivan"]
[Result "1/2-1/2"]
[WhiteElo "2214"]
[BlackElo "1983"]

1.e4 e5 2.Nf3 Nc6 3.Bb5 a6 4.Ba4 b5 5.Bb3 Bb7 6.O-O Nf6 7.Re1 Bc5 8.c3 O-O
9.d4 Bb6 10.Nxe5 Nxe5 11.dxe5 Nxe4 12.Be3 Bxe3 13.Rxe3 Qg5 14.Bd5 Bxd5 15.Qxd5 Nf6
16.Qf3 Ng4 17.Qg3 f6 18.Re1 Rae8  1/2-1/2

[Event "Sorea Open"]
[Site "Stara Lubovna SVK"]
[Date "2011.09.09"]
[Round "1"]
[White "Liscinska,Jana"]
[Black "Tropp,L"]
[Result "0-1"]
[WhiteElo "1675"]
[BlackElo "2107"]

1.e4 e5 2.Nf3 Nc6 3.Bb5 a6 4.Ba4 Nf6 5.O-O b5 6.Bb3 Bb7 7.c3 Nxe4 8.d4 exd4
9.Re1 d5 10.Ng5 Be7 11.Nxf7 Kxf7 12.Rxe4 Na5 13.Rf4+ Bf6 14.Bc2 Qe7 15.cxd4 Rae8
16.Bd2 Nc4 17.Nc3 Nxb2 18.Qh5+ g6 19.Qf3 Nc4 20.Nxd5 Nxd2 21.Rxf6+ Kg7 22.Nxe7 Nxf3+
23.Rxf3 Bxf3  0-1

[Event "TCh-POL 1st League"]
[Site "Mrzezyno POL"]
[Date "2011.09.10"]
[Round "8"]
[White "Sabuk,P"]
[Black "Modzelan,A"]
[Result "0-1"]
[WhiteElo "2199"]
[BlackElo "2210"]

1.e4 e5 2.Nf3 Nc6 3.Bb5 a6 4.Ba4 Nf6 5.O-O b5 6.Bb3 Bb7 7.Re1 Bc5 8.c3 d6
9.d4 Bb6 10.a4 O-O 11.axb5 axb5 12.Rxa8 Qxa8 13.Bg5 Nd7 14.d5 Na5 15.Ba2 Nc4
16.Bxc4 bxc4 17.Nh4 Nc5 18.Qg4 Bc8 19.Nf5 Bxf5 20.Qxf5 Nd3 21.Rf1 Nxf2 22.h4 Nxe4+
23.Kh2 Nxg5 24.Qxg5 Qxd5 25.Na3 Qe6 26.h5 h6  0-1

[Event "ch-Euro Youth b14"]
[Site "Albena BUL"]
[Date "2011.09.12"]
[Round "2.15"]
[White "Eggink,R"]
[Black "Kambrath,Y"]
[Result "1-0"]
[WhiteElo "1992"]
[BlackElo "2153"]

1.e4 e5 2.Nf3 Nc6 3.Bb5 a6 4.Ba4 Nf6 5.O-O b5 6.Bb3 Bb7 7.d4 Nxe4 8.dxe5 Nc5
9.Bd5 Be7 10.Be3 O-O 11.Nc3 b4 12.Bxc5 Bxc5 13.Ne4 Be7 14.Nd4 Rb8 15.Bxc6 dxc6
16.Nf5 Bc8 17.Qg4 Bxf5 18.Qxf5 Qc8 19.Qxc8 Rfxc8 20.Rad1 Rd8 21.f4  1-0

[Event "TCh-NED Meesterklasse 2011-12"]
[Site "Netherlands NED"]
[Date "2011.09.17"]
[Round "1.5"]
[White "Michielsen,J"]
[Black "Van de Oudeweetering,A"]
[Result "1-0"]
[WhiteElo "2317"]
[BlackElo "2338"]

1.e4 e5 2.Nf3 Nc6 3.Bb5 a6 4.Ba4 Nf6 5.O-O b5 6.Bb3 Bb7 7.d3 Be7 8.Re1 O-O
9.Nbd2 Re8 10.Nf1 h6 11.Ne3 Bf8 12.a3 Na5 13.Ba2 c5 14.c3 c4 15.dxc4 bxc4
16.Nxc4 Nxc4 17.Bxc4 Qc7 18.Nd2 Rad8 19.Qe2 Qc6 20.b4 d5 21.b5 Qc7 22.bxa6 Ba8
23.Bb5 Re6 24.c4 dxe4 25.Nb3 Nh7 26.Bd2 Qc8 27.c5 Rg6 28.Be3 Qh3 29.g3 Ng5
30.Bxg5 hxg5 31.Qf1 Qh5 32.c6 f5 33.Qc4+ Kh7 34.Qf7 Rd3 35.Bc4 g4 36.c7 e3
37.Qg8+ Kh6 38.Qh8+ Kg5 39.Qxh5+ Kxh5 40.c8=Q  1-0

[Event "16th ECC w"]
[Site "Rogaska Slatina SLO"]
[Date "2011.10.01"]
[Round "7.5"]
[White "Frank Nielsen,M"]
[Black "Ozturk,Ku"]
[Result "0-1"]
[WhiteElo "2020"]
[BlackElo "2260"]

1.e4 e5 2.Nf3 Nc6 3.Bb5 a6 4.Ba4 Nf6 5.O-O b5 6.Bb3 Bb7 7.d3 Be7 8.a4 d6
9.Nbd2 O-O 10.Re1 h6 11.Nf1 Re8 12.Bd2 Bf8 13.Ne3 Nd4 14.Ba2 c5 15.c3 Ne6
16.Nd5 Nc7 17.c4 Ncxd5 18.cxd5 b4 19.Bc4 g6 20.Kh1 Bg7 21.Ng1 Bc8 22.Rf1 Rf8
23.Qc1 Kh7 24.f4 exf4 25.Bxf4 Nh5 26.Be3 f5 27.Ne2 Qe7 28.Nf4 Nxf4 29.Bxf4 g5
30.Bd2 f4 31.Qc2 Bd4 32.Be1 Bg4 33.Bf2 Be5 34.d4 cxd4 35.Qd2 Qg7 36.Be2 Bxe2
37.Qxe2 g4 38.Bh4 a5 39.Rac1 Ra7 40.Rc6 Raf7 41.Qc4 g3 42.hxg3 fxg3 43.Rxf7 Rxf7
44.b3 Qg4  0-1

[Event "Oslo GM Open"]
[Site "Oslo NOR"]
[Date "2011.10.03"]
[Round "2.9"]
[White "Klein,Da"]
[Black "Urkedal,F"]
[Result "0-1"]
[WhiteElo "2359"]
[BlackElo "2447"]

1.e4 e5 2.Nf3 Nc6 3.Bb5 a6 4.Ba4 Nf6 5.O-O b5 6.Bb3 Bb7 7.d3 Be7 8.Nc3 O-O
9.a4 b4 10.Nd5 Na5 11.Ba2 Nxd5 12.Bxd5 c6 13.Ba2 Qc7 14.d4 d6 15.Qe2 exd4
16.Nxd4 Bf6 17.Nf5 Bc8 18.Qf3 Rb8 19.Nh6+ Kh8 20.Rd1 Be6 21.Bf4 Rbd8 22.e5 dxe5
23.Rxd8 Qxd8 24.Bxe6 fxe6 25.Bxe5 Bxe5 26.Nf7+ Rxf7 27.Qxf7 Bxb2 28.Rb1 Bc3
29.Qxe6 h6 30.Qe2 c5 31.Qxa6 c4 32.g3 b3 33.cxb3 Qd3 34.Rc1 Nxb3 35.Qc8+ Kh7
36.Rxc3 Qxc3 37.Qf5+ Kg8 38.Qe6+ Kf8 39.Qd6+ Kf7 40.Qd7+ Kf6 41.Qd6+ Kf5
42.Qd5+ Qe5 43.Qf7+ Ke4 44.Qxc4+ Nd4 45.Qb4 Kd3 46.Qa3+ Kc4 47.a5 Qe1+ 48.Kg2 Qe4+
49.Kh3 g5 50.Qa4+ Kc5 51.Qa3+ Kb5 52.Qf8 Nf3 53.Qb8+ Ka4 54.Kg2 Nh4+ 55.Kh3 Qf5+
56.g4 Qd3+ 57.Qg3 Qf1+ 58.Qg2 Qxg2+  0-1

[Event "US Chess League 2011"]
[Site "ICC INT"]
[Date "2011.10.05"]
[Round "6"]
[White "Fisher,William"]
[Black "Hua,Margaret"]
[Result "1-0"]
[WhiteElo "2164"]
[BlackElo "1966"]

1.e4 e5 2.Nf3 Nc6 3.Bb5 a6 4.Ba4 Nf6 5.O-O b5 6.Bb3 Bb7 7.d3 Be7 8.Nc3 d6
9.a4 b4 10.Nd5 O-O 11.Nxe7+ Nxe7 12.a5 c5 13.Bg5 Ng6 14.Nh4 Nxh4 15.Bxh4 d5
16.Qf3 Qd6 17.Bxf6 Qxf6 18.Qxf6 gxf6 19.exd5 Rfd8 20.f4 Bxd5 21.Ba4 Rd6 22.Rae1 Re6
23.Bd7 Re7 24.Ba4 Re6 25.Bd7 Re7 26.Bh3 Rb8 27.fxe5 fxe5 28.Rf6 Ra8 29.Re3 Bb7
30.Rd6 Kh8 31.Bf5 Rg8 32.Be4 Bxe4 33.Rxe4 f5 34.Re2 Rg6 35.Rd5 e4 36.Rxf5 Rge6
37.Rxe4 Rxe4 38.dxe4 c4 39.e5 Kg7 40.Kf2 Rd7 41.Ke3 Rd5 42.g4 Kg6 43.e6 Rd1
44.Ke4 b3 45.cxb3 cxb3 46.Ke5 Re1+ 47.Kd6 Rd1+ 48.Rd5 Re1 49.e7 Kf7 50.Rf5+ Kg7
51.Re5 Rxe5 52.Kxe5 Kf7 53.Kd6 Ke8 54.Ke6 h5 55.h4  1-0

[Event "20th TCh-CRO 1b"]
[Site "Sibenik CRO"]
[Date "2011.10.05"]
[Round "2.3"]
[White "Smith,Bry"]
[Black "Georgiev,Vl"]
[Result "1/2-1/2"]
[WhiteElo "2497"]
[BlackElo "2574"]

1.e4 e5 2.Nf3 Nc6 3.Bb5 a6 4.Ba4 Nf6 5.O-O b5 6.Bb3 Bb7 7.d3 Bc5 8.Nc3 O-O
9.Bd2 d6 10.Nd5 Nxd5 11.Bxd5 Qc8 12.Be3 Bxe3 13.fxe3 Ne7 14.Bb3 h6 15.Nh4 c5
16.c4 g5 17.Qh5 gxh4 18.Rf6 b4 19.Rxh6 Ng6 20.Rxg6+ fxg6 21.Qxg6+ Kh8  1/2-1/2

[Event "Mitropa Cup"]
[Site "Merlimont FRA"]
[Date "2011.10.08"]
[Round "1"]
[White "Mazur,Ste"]
[Black "Nagy,Ga1"]
[Result "1/2-1/2"]
[WhiteElo "2372"]
[BlackElo "2404"]

1.e4 e5 2.Nf3 Nc6 3.Bb5 a6 4.Ba4 Nf6 5.O-O b5 6.Bb3 Bb7 7.d3 Be7 8.Nc3 O-O
9.Bd2 d6 10.Nd5 Nxd5 11.Bxd5 Qd7 12.Re1 Nd8 13.Bb3 Ne6 14.c3 c5 15.h3 Kh8
16.Bd5 f5 17.Qe2 Bxd5 18.exd5 Nc7 19.c4 bxc4 20.dxc4 e4 21.Bc3 Rae8 22.Nd2 Bg5
23.Qh5 Bf4 24.Qh4 Be5 25.Bxe5 Rxe5 26.f4 Ree8 27.Nf1 a5 28.Ne3 Na6 29.a3 g6
30.Re2 a4 31.Rf1 Rb8 32.g4 fxg4 33.hxg4 Qg7 34.Rff2 Rbe8 35.f5 g5 36.Qh5 Nb8
37.f6 Qg6 38.Qxg6 hxg6 39.f7 Rd8 40.Rf6 Kg7 41.Ref2 Rd7 42.Nd1 Rfxf7 43.Rxf7+ Rxf7
44.Rxf7+ Kxf7 45.Nc3 Nd7 46.Nxe4 Ke7 47.Nc3 Ne5 48.Nxa4 Nxc4 49.Kf2 Kf6 50.Ke2 Ne5
51.Nc3 Ke7 52.a4 Kd7 53.a5 Nxg4 54.Ne4 Ne5 55.a6 Kc7 56.Nxd6 Kb6 57.Ne4 Kxa6
58.Nxc5+ Kb5 59.Ne4 Kc4 60.d6 Kd5  1/2-1/2

[Event "Belgrade Premier League 2011"]
[Site "Belgrade SRB"]
[Date "2011.10.11"]
[Round "10.3"]
[White "Vucinic,G"]
[Black "Petrovic,Igor R"]
[Result "1-0"]
[WhiteElo "2134"]
[BlackElo "2120"]

1.e4 e5 2.Nf3 Nc6 3.Bb5 a6 4.Ba4 Nf6 5.O-O b5 6.Bb3 Bb7 7.c3 Nxe4 8.d4 Na5
9.Bc2 exd4 10.Bxe4 Bxe4 11.Re1 d5 12.b4 Nc4 13.Nxd4 Bd6 14.f3 Qh4 15.h3 Qg3
16.fxe4 Qh2+ 17.Kf1 Bg3 18.exd5+ Kf8 19.Nf3 Qh1+ 20.Ng1 Bxe1 21.Qxe1 Re8
22.Qg3 Re5 23.Qf3 g6 24.Bh6+ Ke7 25.g4 Qxf3+ 26.Nxf3 Rxd5 27.Nbd2 Nxd2+ 28.Bxd2 Rhd8
29.Re1+ Kf6 30.Bf4 Kg7 31.Bxc7 R8d7 32.Be5+ f6 33.Bd4 Kf7 34.g5 Rf5 35.Kg2 Re7
36.Rxe7+ Kxe7 37.gxf6+ Kf7 38.h4 h6 39.Kg3 Ke6 40.Nd2 Kd5 41.Nb3 Kc6 42.Nc5 Kb6
43.Ne6+  1-0

[Event "TCh-SVK Extraliga 2011-12"]
[Site "Slovakia SVK"]
[Date "2011.11.26"]
[Round "3"]
[White "Takacs,Las"]
[Black "Tropp,L"]
[Result "1-0"]
[WhiteElo "1976"]
[BlackElo "2107"]

1.e4 e5 2.Nf3 Nc6 3.Bb5 a6 4.Ba4 Nf6 5.O-O b5 6.Bb3 Bb7 7.Re1 Bc5 8.c3 d6
9.d4 Bb6 10.d5 Na5 11.Bc2 c6 12.dxc6 Bxc6 13.Nbd2 Qc7 14.Nf1 Ng4 15.Re2 O-O
16.h3 Nf6 17.Ng3 Rad8 18.Bg5 Qe7 19.Nh5 Qe6 20.Bxf6 gxf6 21.Qc1 Kh8 22.Qh6 Rg8
23.Nxf6 Rg7 24.Ng5  1-0

[Event "34th ch-GRE w"]
[Site "Athens GRE"]
[Date "2011.11.28"]
[Round "3"]
[White "Makropoulou,M"]
[Black "Iordanidou,Z"]
[Result "1/2-1/2"]
[WhiteElo "2201"]
[BlackElo "2169"]

1.e4 e5 2.Nf3 Nc6 3.Bb5 a6 4.Ba4 b5 5.Bb3 Nf6 6.O-O Bb7 7.d3 Be7 8.Nc3 O-O
9.Re1 d6 10.a3 Re8 11.Bg5 Nd7 12.Be3 Nf8 13.Nd5 Ne6 14.Nxe7+ Qxe7 15.c3 Na5
16.Ba2 c5 17.b4 cxb4 18.axb4 Nc6 19.Bd5 Qd7 20.Qd2 Ne7 21.Bb3 Ng6 22.Ng5 Nxg5
23.Bxg5 d5 24.f3 h6 25.Be3 Kh7 26.Qa2 d4 27.cxd4 exd4 28.Bf2 Ne5 29.Red1 f6
30.Qb2 Red8 31.h3 Rac8 32.f4 Ng6 33.f5 Nf8 34.Rac1 Rxc1 35.Rxc1 Qd6 36.Rc2 Kh8
37.Bf7  1/2-1/2

[Event "13th Metropolitan GM"]
[Site "Los Angeles USA"]
[Date "2011.12.10"]
[Round "6"]
[White "Kiewra,K"]
[Black "Georgiev,Vl"]
[Result "0-1"]
[WhiteElo "2360"]
[BlackElo "2553"]

1.e4 e5 2.Nf3 Nc6 3.Bb5 a6 4.Ba4 Nf6 5.O-O b5 6.Bb3 Bb7 7.c3 Nxe4 8.d4 exd4
9.Re1 d5 10.Ng5 Qd7 11.f3 h6 12.Nh3 O-O-O 13.fxe4 dxe4 14.Rxe4 Bc5 15.Nf2 Kb8
16.Re1 Na5 17.Bf4 Qf5 18.Qc1 Nxb3 19.axb3 Qd5 20.Ne4 dxc3+ 21.Kh1 cxb2  0-1

[Event "Zuerich Weihnachtsopen Masters"]
[Site "Zuerich SUI"]
[Date "2011.12.29"]
[Round "5"]
[White "Zichanowicz,M"]
[Black "Bartel,Mat"]
[Result "0-1"]
[WhiteElo "2149"]
[BlackElo "2653"]

1.e4 e5 2.Nf3 Nc6 3.Bb5 a6 4.Ba4 Nf6 5.O-O b5 6.Bb3 Bb7 7.d3 Bd6 8.c3 O-O
9.Re1 h6 10.Nbd2 Re8 11.Nf1 Bf8 12.Ng3 Na5 13.Bc2 c5 14.d4 d6 15.d5 g6 16.h3 Nc4
17.Nh2 Bg7 18.Bd3 Nb6 19.f4 exf4 20.Bxf4 c4 21.Bc2 Nbd7 22.Qd2 Kh7 23.Qf2 Ne5
24.Bxe5 Rxe5 25.Nf3 Re7 26.Rad1 Nd7 27.Nd4 Ne5 28.Rf1 Qb6 29.Kh1 Rae8 30.Nc6 Qxf2
31.Rxf2 Nxc6 32.dxc6 Ba8 33.Ne2 Bxc6 34.Nd4 Bxe4 35.Bxe4 Rxe4 36.Rxf7 Re1+
37.Rxe1 Rxe1+ 38.Kh2 Kg8 39.Ra7 Be5+ 40.g3 Bxd4 41.cxd4 Re2+  0-1

[Event "12th ch-CRO"]
[Site "Opatija CRO"]
[Date "2012.01.19"]
[Round "3.5"]
[White "Saric,Iv"]
[Black "Sulava,N"]
[Result "1/2-1/2"]
[WhiteElo "2651"]
[BlackElo "2514"]

1.e4 e5 2.Nf3 Nc6 3.Bb5 a6 4.Ba4 Nf6 5.O-O b5 6.Bb3 Bb7 7.d3 Be7 8.Re1 O-O
9.Nbd2 Re8 10.c3 Bf8 11.Nf1 h6 12.Ng3 Na5 13.Bc2 c5 14.d4 d5 15.Nxe5 dxe4
16.Bf4 cxd4 17.cxd4 Rc8 18.Rc1 Qd5 19.a3 Nc4 20.Bb3 Red8 21.Qe2 Qxd4 22.Nxc4 bxc4
23.Rxc4 Rxc4 24.Qxc4 Qxc4 25.Bxc4 Rc8 26.Rc1 Nd5 27.Bd2 Nb6 28.Bb3 Rxc1+
29.Bxc1 g6 30.Kf1 Bg7 31.Ke2 Kf8 32.Nf1 Ke7 33.Ne3 f5 34.g3 a5 35.Bc2 Kd6
36.Bd2 Ba6+ 37.Ke1 Bxb2 38.Bxa5 Kc5 39.Bb4+ Kd4 40.Bf8 Nc4 41.Bxh6 Bxa3 42.Bg7+ Kc5
43.Bf8+ Kd4 44.Bxa3 Nxa3 45.Kd2 Ke5  1/2-1/2

[Event "74th Tata Steel GMC"]
[Site "Wijk aan Zee NED"]
[Date "2012.01.19"]
[Round "5"]
[White "Schut,L"]
[Black "Haast,A"]
[Result "1-0"]
[WhiteElo "2290"]
[BlackElo "2290"]

1.e4 e5 2.Nf3 Nc6 3.Bb5 a6 4.Ba4 Nf6 5.O-O b5 6.Bb3 Bb7 7.d3 Bc5 8.a4 O-O
9.Bg5 h6 10.Bh4 g5 11.Bg3 d6 12.c3 Bb6 13.Na3 Na7 14.a5 Bxa5 15.Nxb5 axb5
16.Rxa5 c5 17.Ra1 c4 18.dxc4 Nxe4 19.cxb5 Nxb5 20.Rxa8 Qxa8 21.Qd3 Kh8 22.Qxb5 Ba6
23.Qd5 Bxf1 24.Kxf1 f6 25.Qxa8 Rxa8 26.Bd5 Ra1+ 27.Ke2 Nc5 28.Nd2 f5 29.f3 Na4
30.Nc4 Rb1 31.Be1 Kg7 32.b4 Rc1 33.Nxd6 Kf6 34.Bb3 Nxc3+ 35.Kd2 Ra1 36.Bf2 Na4
37.b5 h5 38.Bxa4 Rxa4 39.b6 Ra6 40.b7 Rxd6+ 41.Kc3 Rd8 42.Ba7 g4 43.b8=Q Rxb8
44.Bxb8 f4 45.Kd3 Kf5 46.Bc7 h4 47.fxg4+ Kxg4 48.Bxe5 f3 49.gxf3+  1-0

[Event "Gibraltar Open"]
[Site "Caleta ENG"]
[Date "2012.01.25"]
[Round "2.12"]
[White "Bologan,V"]
[Black "Salem,AR"]
[Result "1-0"]
[WhiteElo "2680"]
[BlackElo "2505"]

1.e4 e5 2.Nf3 Nc6 3.Bb5 a6 4.Ba4 Nf6 5.O-O b5 6.Bb3 Bb7 7.d3 Be7 8.Nc3 O-O
9.Be3 d6 10.a3 Qd7 11.Nd5 Nxd5 12.exd5 Nd8 13.c4 c6 14.Rc1 Kh8 15.Re1 f5
16.Bg5 Bf6 17.d4 bxc4 18.Ba4 e4 19.Bxf6 Rxf6 20.Nd2 Qf7 21.dxc6 Nxc6 22.Nxc4 Rf8
23.Qd2 f4 24.d5 e3 25.fxe3 f3 26.Rf1 f2+ 27.Kh1 Qh5 28.e4 Ne5 29.Bd1 Ng4
30.h3 Bc8 31.Rc3 Qh4 32.Nb6 h5 33.Nxc8 Ne5 34.Qe2 Rf3 35.Nxd6 Rxc3 36.bxc3 Rf3
37.Qxf3 Nxf3 38.Bxf3 Qf4  1-0

[Event "12th ch-CRO"]
[Site "Opatija CRO"]
[Date "2012.01.26"]
[Round "10.3"]
[White "Brkic,A"]
[Black "Sulava,N"]
[Result "1-0"]
[WhiteElo "2578"]
[BlackElo "2514"]

1.e4 e5 2.Nf3 Nc6 3.Bb5 a6 4.Ba4 Nf6 5.O-O b5 6.Bb3 Bb7 7.d3 Be7 8.Nc3 O-O
9.Bd2 d6 10.Ne2 d5 11.exd5 Nxd5 12.Re1 Kh8 13.a4 f6 14.Ng3 Bc5 15.c3 Bb6
16.Bc2 f5 17.Nxe5 f4 18.Nf1 Nxe5 19.Rxe5 f3 20.gxf3 Qh4 21.d4 c5 22.Be4 cxd4
23.Bxd5 dxc3 24.Be3 cxb2 25.Rb1 Bc7 26.Re4  1-0

[Event "Gibraltar Open"]
[Site "Caleta ENG"]
[Date "2012.01.28"]
[Round "5.76"]
[White "Nuri,Kam"]
[Black "Mihajlov,Sebastian"]
[Result "1-0"]
[WhiteElo "2256"]
[BlackElo "1974"]

1.e4 e5 2.Nf3 Nc6 3.Bb5 a6 4.Ba4 Nf6 5.O-O b5 6.Bb3 Bb7 7.d3 Be7 8.Nc3 d6
9.a3 O-O 10.Ne2 Re8 11.Bd2 Bf8 12.Ng3 g6 13.Re1 Bg7 14.h3 Nb8 15.c3 c5 16.d4 exd4
17.cxd4 Nbd7 18.Ng5 Re7 19.Nxf7 Rxf7 20.Bxf7+ Kxf7 21.e5 dxe5 22.dxe5 Nd5
23.e6+ Kg8 24.exd7 Qxd7 25.Bc3 Bxc3 26.bxc3 Qc6 27.Ne4 Nxc3 28.Qb3+ Nd5 29.Qxd5+ Qxd5
30.Nf6+ Kf7 31.Nxd5 Bxd5 32.Re5 Bc4 33.Rxc5 Re8 34.Rc7+ Re7 35.Rxe7+ Kxe7
36.f4  1-0

[Event "Gibraltar Open"]
[Site "Caleta ENG"]
[Date "2012.01.31"]
[Round "8.102"]
[White "Frey,Ma"]
[Black "Mihajlov,S"]
[Result "0-1"]
[WhiteElo "1941"]
[BlackElo "2101"]

1.e4 e5 2.Nf3 Nc6 3.Bb5 a6 4.Ba4 Nf6 5.O-O b5 6.Bb3 Bb7 7.Re1 Bc5 8.c3 O-O
9.d3 d6 10.Nbd2 h6 11.Nf1 Re8 12.Ng3 Bb6 13.h3 Na5 14.Bc2 c5 15.d4 cxd4 16.cxd4 Nc6
17.d5 Nd4 18.Nxd4 Bxd4 19.Nf5 Bc5 20.Qf3 Kh7 21.Qg3 Rg8 22.Qh4 Ne8 23.Qg3 Bc8
24.Kh2 Bxf5 25.exf5 Nf6 26.Qh4 e4 27.Bg5 Bxf2 28.Bxf6 Bxh4 29.Bxd8 Bxe1 30.Be7 Bb4
31.Bxe4 f6  0-1

[Event "Moscow Open Women 2012"]
[Site "Moscow RUS"]
[Date "2012.01.31"]
[Round "4.51"]
[White "Kim,Ya"]
[Black "Burmistrova,Alena"]
[Result "1/2-1/2"]
[WhiteElo "1952"]
[BlackElo "1716"]

1.e4 e5 2.Nf3 Nc6 3.Bb5 a6 4.Ba4 Nf6 5.O-O b5 6.Bb3 Bb7 7.Re1 Bc5 8.c3 O-O
9.d4 Bb6 10.Be3 Na5 11.Bg5 Nxb3 12.axb3 d6 13.Nbd2 h6 14.Bh4 g5 15.Bg3 exd4
16.Nxd4 Bxd4 17.cxd4 Re8 18.f3 Nh5 19.Bf2 Nf4 20.Nf1 Qf6 21.Qc2 c6 22.Ng3 Rad8
23.Nf5 Nh5 24.e5 dxe5 25.dxe5 Qg6 26.Rad1 Rxd1 27.Rxd1 Ng7 28.Rd8 Kh7 29.Rxe8 Nxe8
30.Qe4 c5 31.Qxb7 Qxf5 32.g4 Qxe5 33.Qxa6 Ng7 34.Qc6 Ne6 35.Qxb5 Qxb2 36.Qd3+ Kg7
37.Be3 Qa1+ 38.Kf2 Qb2+ 39.Kg3 Qe5+ 40.Kg2 Qb2+ 41.Kh3 Qe5 42.Kg2 Qb2+  1/2-1/2

[Event "72nd Noteboomturnier Open A"]
[Site "Leiden NED"]
[Date "2012.02.18"]
[Round "3.17"]
[White "Van Osch,Mees"]
[Black "Burggraaf,J"]
[Result "0-1"]
[WhiteElo "2011"]
[BlackElo "2030"]

1.e4 e5 2.Nf3 Nc6 3.Bb5 a6 4.Ba4 Nf6 5.O-O b5 6.Bb3 Bb7 7.Re1 Bc5 8.c3 d6
9.d4 Bb6 10.Bc2 h6 11.h3 O-O 12.b3 exd4 13.cxd4 Nb4 14.Bb2 Nxc2 15.Qxc2 d5
16.e5 Ne4 17.Nbd2 c5 18.dxc5 Bxc5 19.Bd4 Rc8 20.Qd3 Qb6 21.b4 Bxd4 22.Nxe4 Bxa1
23.Nc5 Bb2 24.Rb1 Rxc5 25.bxc5 Qxc5 26.Qe2 Bc3 27.Nh4 Qe7 28.Qg4 Bc8  0-1

[Event "10th Nancy GMA 2012"]
[Site "Nancy FRA"]
[Date "2012.02.21"]
[Round "3"]
[White "Solodovnichenko,Y"]
[Black "Bauer,Ch"]
[Result "0-1"]
[WhiteElo "2613"]
[BlackElo "2679"]

1.e4 e5 2.Nf3 Nc6 3.Bb5 a6 4.Ba4 Nf6 5.O-O b5 6.Bb3 Bb7 7.d3 Bd6 8.a4 O-O
9.Nc3 b4 10.Ne2 h6 11.Ng3 Re8 12.a5 Bf8 13.Bd2 d5 14.c3 Rb8 15.exd5 Nxd5
16.Re1 bxc3 17.bxc3 Nf6 18.Qc2 Bc8 19.Bc4 Bd6 20.d4 Be6 21.Bxa6 Bb3 22.Qd3 Bd5
23.dxe5 Bxe5 24.Nxe5 Nxe5 25.Qd4 c5 26.Qxc5 Rb2 27.Be3 Bxg2 28.Kxg2 Qa8+
29.Kh3 Qxa6 30.Bd4 Rb5 31.Rxe5 Rxe5 32.Qc7 Re8 33.Kg2 Qa8+ 34.Kg1 Nd5 35.Qd7 Nf4
36.f3 Rg5 37.Rf1 Ne2+ 38.Kg2 Rd8 39.Qa7 Qxa7 40.Bxa7 Nxg3 41.hxg3 Rd2+ 42.Kh3 Rh5+
43.Kg4 Rxa5 44.Bd4 f5+ 45.Kh3 Raa2 46.Bg1 Rac2 47.f4 Kh7 48.Ra1 Rxc3 49.Rb1 Rcc2
50.Ra1 Ra2 51.Rf1 Rg2  0-1

[Event "European Ind w 2012"]
[Site "Gaziantep TUR"]
[Date "2012.03.02"]
[Round "1"]
[White "Bronnikova,E"]
[Black "Pogonina,N"]
[Result "0-1"]
[WhiteElo "2252"]
[BlackElo "2449"]

1.e4 e5 2.Nf3 Nc6 3.Bb5 a6 4.Ba4 Nf6 5.O-O b5 6.Bb3 Bb7 7.d3 Be7 8.a4 O-O
9.Re1 d6 10.Nbd2 Na5 11.Ba2 c5 12.Nf1 b4 13.Ne3 Rb8 14.g4 Bc8 15.h3 Be6 16.Bd2 Qd7
17.Kh2 Bd8 18.Rg1 Bxa2 19.Rxa2 b3 20.Ra3 bxc2 21.Qxc2 Nc6 22.g5 Nh5 23.Nd5 Kh8
24.Bc3 f5 25.Nh4 fxe4 26.dxe4 Nf4 27.Nxf4 Rxf4 28.Nf5 d5 29.exd5 Nd4 30.Nxd4 exd4
31.Be1 Bc7 32.Kh1 Qxd5+ 33.Rg2 Re8 34.Qd1 Rb8 35.Qc2 Re8 36.Qd1 Qe4 37.Ra1 Rf3
38.Kg1 Rxh3 39.Ra3 Rf3 40.Ra1 Rh3  0-1

[Event "European Ind w 2012"]
[Site "Gaziantep TUR"]
[Date "2012.03.07"]
[Round "6"]
[White "Bodnaruk,A"]
[Black "Makropoulou,M"]
[Result "1-0"]
[WhiteElo "2412"]
[BlackElo "2224"]

1.e4 e5 2.Nf3 Nc6 3.Bb5 a6 4.Ba4 Nf6 5.O-O b5 6.Bb3 Bb7 7.d3 Be7 8.a4 d6
9.Nbd2 O-O 10.Re1 h6 11.Nf1 Re8 12.Ng3 Bf8 13.c3 Na5 14.Ba2 c5 15.b4 cxb4
16.cxb4 Nc6 17.Bd2 Qd7 18.a5 d5 19.Qb3 dxe4 20.dxe4 Nd4 21.Nxd4 exd4 22.f3 Rac8
23.Rac1 g6 24.Qd3 Kh7 25.Rxc8 Bxc8 26.e5 Ng8 27.Re4 Qc7 28.f4 Rd8 29.Rxd4 Rxd4
30.Qxd4 Ne7 31.Ne4 Nf5 32.Nf6+ Kh8 33.Qd3 Bb7 34.Bc3 Bg7 35.Qd7 Qxd7 36.Nxd7 Kg8
37.e6 fxe6 38.Bxe6+ Kh7 39.Bxg7 Kxg7 40.Bxf5 gxf5 41.Nc5 Bc8 42.Kf2 Kg6 43.Ke3 Kh5
44.Kd4  1-0

[Event "European Ind w 2012"]
[Site "Gaziantep TUR"]
[Date "2012.03.10"]
[Round "8"]
[White "Patel,Y"]
[Black "Menzi,N"]
[Result "0-1"]
[WhiteElo "1839"]
[BlackElo "1902"]

1.e4 e5 2.Nf3 Nc6 3.Bb5 a6 4.Ba4 Nf6 5.O-O b5 6.Bb3 Bb7 7.d3 Bd6 8.Nc3 h6
9.Bd2 O-O 10.Nd5 Nd4 11.Nxf6+ Qxf6 12.Nxd4 exd4 13.f4 c5 14.Qg4 Qe7 15.e5 Bc7
16.Rae1 Bd8 17.g3 Kh8 18.f5 f6 19.Qh3 Kh7 20.Qg4 fxe5 21.Bxh6 Qf6 22.Bd2 d5
23.Qh5+ Kg8 24.c3 c4 25.Bc2 dxc3 26.Bxc3 Bb6+ 27.d4 exd4 28.Re6 dxc3+ 29.Kg2 d4+
30.Kh3 d3 31.Rxf6 Rxf6 32.Kg4 dxc2 33.Re1 cxb2 34.Re8+ Rxe8 35.Qxe8+ Kh7
36.Qh5+ Rh6 37.Qf7 c1=Q  0-1

[Event "European Ind w Rapid 2012"]
[Site "Gaziantep TUR"]
[Date "2012.03.15"]
[Round "1"]
[White "Bulmaga,I"]
[Black "Pogonina,N"]
[Result "1/2-1/2"]
[WhiteElo "2307"]
[BlackElo "2449"]

1.e4 e5 2.Nf3 Nc6 3.Bb5 a6 4.Ba4 Nf6 5.O-O b5 6.Bb3 Bb7 7.d3 Be7 8.Nc3 O-O
9.a3 d6 10.Nd5 Nxd5 11.Bxd5 Qd7 12.a4 Rab8 13.Be3 b4 14.a5 Nd8 15.Bb3 c5
16.Nd2 Ne6 17.Nc4 Bd8 18.c3 bxc3 19.bxc3 Bc7 20.Nb6 Bxb6 21.axb6 Bc8 22.d4 exd4
23.Bxe6 Qxe6 24.cxd4 c4 25.Qf3 f5 26.d5 Qe7 27.Rfc1 fxe4 28.Qg3 Bb7 29.Rxc4 Rbc8
30.Rac1 Rxc4 31.Rxc4 Rc8 32.Rxc8+ Bxc8 33.h3 Bb7 34.Bf4 Qf7 35.Bxd6 Qxd5
36.Qe5 Qxe5 37.Bxe5 Kf7 38.Kf1 g6 39.g3 Ke6 40.Bf4 Kd5 41.Ke2 Kc4 42.Kd2 Kb3
43.h4 a5 44.Kc1 a4 45.Kb1 Bd5 46.Ka1  1/2-1/2

[Event "European Ind w Rapid 2012"]
[Site "Gaziantep TUR"]
[Date "2012.03.16"]
[Round "7"]
[White "Videnova,I"]
[Black "Pogonina,N"]
[Result "1-0"]
[WhiteElo "2301"]
[BlackElo "2449"]

1.e4 e5 2.Nf3 Nc6 3.Bb5 a6 4.Ba4 Nf6 5.O-O b5 6.Bb3 Bb7 7.d3 Be7 8.Re1 O-O
9.a4 d6 10.Nbd2 Na5 11.Ba2 c5 12.Nf1 b4 13.Ne3 Rb8 14.Nf5 b3 15.Bd2 bxc2
16.Qxc2 Nc6 17.a5 Qd7 18.Nxe7+ Qxe7 19.Bc4 Ne8 20.Ra3 Nc7 21.Rb3 Ne6 22.Rb6 Ned4
23.Nxd4 Nxd4 24.Qd1 Kh8 25.b4 f5 26.bxc5 fxe4 27.cxd6 Qh4 28.Be3 Nf3+ 29.gxf3 exf3
30.Kh1 Rf5 31.Be6 Rh5 32.h3 g5 33.Rxb7 Rf8 34.Rb8 Rxb8 35.Qxf3 Rh6 36.Qf5  1-0